Physical principles of food preservation
সংরক্ষণ করুন:
| প্রধান লেখক: | , |
|---|---|
| বিন্যাস: | গ্রন্থ |
| ভাষা: | ইংরেজি |
| প্রকাশিত: |
Nueva York
Marcel Dekker
2003
|
| সংস্করন: | 2a. ed |
| মালা: | Food Science and Technology, 129
|
| বিষয়গুলি: | |
| ট্যাগগুলো: |
ট্যাগ যুক্ত করুন
কোনো ট্যাগ নেই, প্রথমজন হিসাবে ট্যাগ করুন!
|
MARC
| LEADER | 00000cam a2200000 a 4500 | ||
|---|---|---|---|
| 001 | UCL5890 | ||
| 003 | CL-VaPUC | ||
| 008 | 040319e20030000US |||||||||||||||||eng|d | ||
| 020 | |a 0824740637 | ||
| 082 | 0 | 4 | |a 664.0015 |b KAR |2 21 |
| 100 | |a Karel, Marcus |e author |9 483645 | ||
| 700 | 0 | |a Lund, Daryl B |e author |9 483646 | |
| 245 | 1 | 0 | |a Physical principles of food preservation |
| 250 | |a 2a. ed | ||
| 300 | |a 603 p | ||
| 942 | |c BK | ||
| 945 | |d 20040319 00:00:00 |a cmena | ||
| 260 | |a Nueva York |b Marcel Dekker |c 2003 | ||
| 650 | 7 | |a TECNOLOGIA DE ALIMENTOS |2 CL-VaPUC |9 483647 | |
| 650 | 0 | |a Conservación de los alimentos |9 259337 | |
| 650 | 0 | |a Termodinámica |9 259320 | |
| 650 | 0 | |a Transferencia de calor |9 336631 | |
| 583 | |a last modification |c 20151204 10:46:12 |k Rodrigo Vera | ||
| 490 | 0 | |a Food Science and Technology, 129 | |
| 999 | |c 308266 |d 308264 | ||
| 952 | |0 0 |1 0 |4 0 |6 664_001500000000000_KAR_2003 |7 0 |8 A |9 374617 |a BIBALI |b BIBALI |c GEN |d 2019-11-21 |i 3998061 |o 664.0015 KAR 2003 |p 3998061 |r 2025-01-20 |w 2019-11-21 |y BK |k ALI | ||
| 952 | |0 0 |1 0 |4 0 |6 664_001500000000000_KAR_2003 |7 0 |8 A |9 374618 |a BIBING |b BIBING |d 2019-11-21 |i 4103475 |o 664.0015 KAR 2003 |p 4103475 |r 2025-01-20 |w 2019-11-21 |y BK |k EIB | ||
| 952 | |0 0 |1 0 |4 0 |6 664_001500000000000_KAR_2003 |7 0 |8 A |9 374619 |a BIBING |b BIBING |d 2019-11-21 |i 4275896 |o 664.0015 KAR 2003 |p 4275896 |r 2025-01-20 |w 2019-11-21 |y BK |k EIB | ||
| 952 | |0 0 |1 0 |4 0 |6 664_001500000000000_KAR_2003 |7 0 |8 A |9 374620 |a BIBING |b BIBING |d 2019-11-21 |i 427590K |o 664.0015 KAR 2003 |p 427590K |r 2025-01-20 |w 2019-11-21 |y BK |k EIB | ||
| 952 | |0 0 |1 0 |3 erd |4 0 |6 664_001500000000000_KAR_2003 |7 0 |8 A |9 374621 |a BIBING |b BIBING |i 5254965 |o 664.0015 KAR 2003 |p 5254965 |r 2025-01-20 |w 2019-11-21 |y BK |z Catalogado en:20151204 |k EIB | ||